[Event "ODJM C 2024"]
[Site "Willingen GER"]
[Date "2024.05.19"]
[Round "1"]
[White "Savchuk, Andrej"]
[Black "Ly, Lina"]
[Result "1-0"]
[Termination "normal"]
[Board "31"]
[WhiteElo "1576"]
[BlackElo "863"]
[WhiteClock "01:24:48"]
[BlackClock "01:21:16"]
[PlyCount "43"]
[WhiteFideId "34621180"]
[BlackFideId "34625070"]
[EventCountry "GER"]
[EventRounds "9"]
[EventType "swiss"]
[EventDate "2024.05.18"]

1. e4 {[%clk 01:30:58]} {[%emt 00:00:02]} e5 {[%clk 01:30:42]} {[%emt
00:00:19]} 2. d4 {[%clk 01:31:05]} {[%emt 00:00:23]} f6 {[%clk 01:30:48]}
{[%emt 00:00:24]} 3. dxe5 {[%clk 01:31:08]} {[%emt 00:00:25]} fxe5 {[%clk
01:31:05]} {[%emt 00:00:14]} 4. Qh5+ {[%clk 01:31:09]} {[%emt 00:00:24]} g6
{[%clk 01:31:26]} {[%emt 00:00:15]} 5. Qxe5+ {[%clk 01:31:31]} {[%emt
00:00:07]} Ne7 {[%clk 01:31:40]} {[%emt 00:00:17]} 6. Qxh8 {[%clk 01:31:42]}
{[%emt 00:00:17]} d6 {[%clk 01:31:54]} {[%emt 00:00:18]} 7. Bh6 {[%clk
01:31:55]} {[%emt 00:00:16]} Nd7 {[%clk 01:31:54]} {[%emt 00:00:30]} 8. Bc4
{[%clk 01:31:05]} {[%emt 00:01:20]} Nf6 {[%clk 01:29:09]} {[%emt 00:03:16]} 9.
Qxf8+ {[%clk 01:25:49]} {[%emt 00:05:44]} Kd7 {[%clk 01:29:12]} {[%emt
00:00:28]} 10. Be6+ {[%clk 01:25:59]} {[%emt 00:00:19]} Kxe6 {[%emt 00:00:50]}
11. Qxd8 {[%clk 01:26:17]} {[%emt 00:00:04]} Nxe4 {[%clk 01:25:51]} {[%emt
00:03:39]} 12. Nf3 {[%clk 01:26:02]} {[%emt 00:00:42]} Nf5 {[%clk 01:24:52]}
{[%emt 00:01:31]} 13. O-O {[%clk 01:25:02]} {[%emt 00:01:30]} Nxh6 {[%clk
01:24:08]} {[%emt 00:01:15]} 14. Re1 {[%clk 01:24:43]} {[%emt 00:00:49]} d5
{[%clk 01:24:06]} {[%emt 00:00:32]} 15. Ng5+ {[%clk 01:24:53]} {[%emt
00:00:18]} Ke5 {[%clk 01:23:18]} {[%emt 00:01:20]} 16. Nc3 {[%clk 01:24:45]}
{[%emt 00:00:37]} c6 {[%clk 01:21:22]} {[%emt 00:02:27]} 17. Ngxe4 {[%clk
01:24:11]} {[%emt 00:01:03]} dxe4 {[%clk 01:20:37]} {[%emt 00:01:16]} 18. Rxe4+
{[%clk 01:24:12]} {[%emt 00:00:28]} Kf5 {[%clk 01:20:47]} {[%emt 00:00:22]} 19.
Qf8+ {[%clk 01:24:10]} {[%emt 00:00:32]} Kg5 {[%clk 01:20:58]} {[%emt
00:00:19]} 20. h4+ {[%clk 01:24:18]} {[%emt 00:00:22]} Kh5 {[%clk 01:21:06]}
{[%emt 00:00:22]} 21. g4+ {[%clk 01:24:33]} {[%emt 00:00:15]} Kxh4 {[%clk
01:21:16]} {[%emt 00:00:19]} 22. Qxh6# {[%clk 01:24:48]} {[%emt 00:00:15]} 1-0

[Event "ODJM C 2024"]
[Site "Willingen GER"]
[Date "2024.05.19"]
[Round "1"]
[White "Wagner, Valentin Thien-Phu"]
[Black "Peglau, Lorena"]
[Result "0-1"]
[Termination "normal"]
[Board "32"]
[WhiteElo "863"]
[BlackElo "1563"]
[WhiteClock "01:01:01"]
[BlackClock "01:25:43"]
[PlyCount "46"]
[WhiteFideId "34603492"]
[BlackFideId "16290542"]
[EventCountry "GER"]
[EventRounds "9"]
[EventType "swiss"]
[EventDate "2024.05.18"]

1. e4 {[%clk 01:30:58]} {[%emt 00:00:01]} e6 {[%clk 01:30:55]} {[%emt
00:00:06]} 2. Nc3 {[%clk 01:31:20]} {[%emt 00:00:08]} d5 {[%clk 01:31:19]}
{[%emt 00:00:06]} 3. exd5 {[%clk 01:27:30]} {[%emt 00:04:20]} exd5 {[%clk
01:31:36]} {[%emt 00:00:14]} 4. d4 {[%clk 01:27:08]} {[%emt 00:00:52]} Nf6
{[%clk 01:31:48]} {[%emt 00:00:18]} 5. Bf4 {[%clk 01:25:07]} {[%emt 00:02:30]}
c6 {[%clk 01:31:50]} {[%emt 00:00:28]} 6. Nf3 {[%clk 01:23:01]} {[%emt
00:02:35]} Bf5 {[%clk 01:31:33]} {[%emt 00:00:48]} 7. Bd3 {[%clk 01:22:02]}
{[%emt 00:01:28]} Bxd3 {[%clk 01:29:38]} {[%emt 00:02:26]} 8. cxd3 {[%clk
01:20:23]} {[%emt 00:02:09]} Bd6 {[%clk 01:29:27]} {[%emt 00:00:41]} 9. Bxd6
{[%clk 01:20:09]} {[%emt 00:00:43]} Qxd6 {[%clk 01:29:51]} {[%emt 00:00:06]}
10. Qe2+ {[%clk 01:20:30]} {[%emt 00:00:09]} Qe7 {[%clk 01:30:07]} {[%emt
00:00:15]} 11. Qxe7+ {[%clk 01:20:46]} {[%emt 00:00:13]} Kxe7 {[%clk 01:30:32]}
{[%emt 00:00:06]} 12. O-O {[%clk 01:21:09]} {[%emt 00:00:07]} Rd8 {[%clk
01:30:43]} {[%emt 00:00:19]} 13. Rfe1+ {[%clk 01:20:19]} {[%emt 00:01:19]} Kf8
{[%clk 01:30:50]} {[%emt 00:00:23]} 14. b4 {[%clk 01:14:47]} {[%emt 00:06:02]}
a6 {[%clk 01:30:55]} {[%emt 00:00:25]} 15. Na4 {[%clk 01:13:35]} {[%emt
00:01:42]} Nbd7 {[%clk 01:31:11]} {[%emt 00:00:14]} 16. Nc5 {[%clk 01:10:07]}
{[%emt 00:03:58]} Rab8 {[%clk 01:25:42]} {[%emt 00:05:59]} 17. Re7 {[%clk
01:06:42]} {[%emt 00:03:54]} Kxe7 {[%clk 01:25:45]} {[%emt 00:00:28]} 18. Re1+
{[%clk 01:06:46]} {[%emt 00:00:24]} Kf8 {[%clk 01:26:10]} {[%emt 00:00:07]} 19.
Nxd7+ {[%clk 01:04:29]} {[%emt 00:02:46]} Rxd7 {[%clk 01:26:10]} {[%emt
00:00:30]} 20. Ne5 {[%clk 01:04:42]} {[%emt 00:00:17]} Re7 {[%clk 01:26:21]}
{[%emt 00:00:19]} 21. a4 {[%clk 01:00:42]} {[%emt 00:04:31]} h6 {[%clk
01:25:16]} {[%emt 00:01:35]} 22. a5 {[%clk 01:00:45]} {[%emt 00:00:26]} b6
{[%clk 01:25:19]} {[%emt 00:00:27]} 23. Nxc6 {[%clk 01:01:01]} {[%emt
00:00:14]} Rxe1# {[%clk 01:25:43]} {[%emt 00:00:07]} 0-1

[Event "ODJM C 2024"]
[Site "Willingen GER"]
[Date "2024.05.19"]
[Round "1"]
[White "Finck, Julius"]
[Black "Hempel, Christian"]
[Result "1-0"]
[Termination "normal"]
[Board "33"]
[WhiteElo "1579"]
[BlackElo "859"]
[WhiteClock "00:58:43"]
[BlackClock "00:48:40"]
[PlyCount "48"]
[WhiteFideId "34660429"]
[BlackFideId "34660470"]
[EventCountry "GER"]
[EventRounds "9"]
[EventType "swiss"]
[EventDate "2024.05.18"]

1. e4 {[%clk 01:30:58]} {[%emt 00:00:01]} e6 {[%clk 01:30:47]} {[%emt
00:00:14]} 2. d4 {[%clk 01:30:59]} {[%emt 00:00:28]} d5 {[%clk 01:31:10]}
{[%emt 00:00:07]} 3. e5 {[%clk 01:30:42]} {[%emt 00:00:46]} Nc6 {[%clk
01:30:51]} {[%emt 00:00:15]} 4. Nf3 {[%clk 01:30:56]} {[%emt 00:00:50]} f6
{[%clk 01:29:43]} {[%emt 00:01:39]} 5. Bb5 {[%clk 01:29:19]} {[%emt 00:02:07]}
Bd7 {[%clk 01:29:39]} {[%emt 00:00:35]} 6. Qe2 {[%clk 01:27:15]} {[%emt
00:02:29]} Qe7 {[%clk 01:22:39]} {[%emt 00:07:34]} 7. O-O {[%clk 01:24:51]}
{[%emt 00:02:52]} O-O-O {[%clk 01:19:22]} {[%emt 00:03:48]} 8. Qd3 {[%clk
01:22:10]} {[%emt 00:03:12]} Nb4 {[%clk 01:18:13]} {[%emt 00:01:39]} 9. Bxd7+
{[%clk 01:21:02]} {[%emt 00:01:36]} Qxd7 {[%clk 01:18:07]} {[%emt 00:00:37]}
10. Qb3 {[%clk 01:20:28]} {[%emt 00:01:03]} Qc6 {[%clk 01:16:25]} {[%emt
00:02:12]} 11. Nc3 {[%clk 01:19:47]} {[%emt 00:01:11]} fxe5 {[%clk 01:09:52]}
{[%emt 00:07:04]} 12. Nxe5 {[%clk 01:19:33]} {[%emt 00:00:44]} Qd6 {[%clk
01:08:49]} {[%emt 00:01:34]} 13. Nf7 {[%clk 01:16:23]} {[%emt 00:03:39]} Qe7
{[%clk 01:04:20]} {[%emt 00:05:01]} 14. Nxh8 {[%clk 01:16:06]} {[%emt
00:00:46]} Nh6 {[%clk 01:00:53]} {[%emt 00:03:57]} 15. a3 {[%clk 01:15:29]}
{[%emt 00:01:07]} Nc6 {[%clk 01:00:39]} {[%emt 00:00:43]} 16. Nb5 {[%clk
01:15:02]} {[%emt 00:00:56]} a6 {[%clk 00:59:06]} {[%emt 00:02:05]} 17. Nc3
{[%clk 01:13:06]} {[%emt 00:02:26]} Nxd4 {[%clk 00:59:04]} {[%emt 00:00:32]}
18. Qa4 {[%clk 01:11:48]} {[%emt 00:01:46]} Qh4 {[%clk 00:57:40]} {[%emt
00:01:56]} 19. Be3 {[%clk 01:10:42]} {[%emt 00:01:32]} Bd6 {[%clk 00:56:08]}
{[%emt 00:02:06]} 20. h3 {[%clk 01:04:49]} {[%emt 00:06:22]} Ne2+ {[%clk
00:50:52]} {[%emt 00:05:47]} 21. Kh1 {[%clk 01:03:05]} {[%emt 00:02:13]} Ng3+
{[%clk 00:50:04]} {[%emt 00:01:20]} 22. fxg3 {[%clk 01:02:15]} {[%emt
00:01:20]} Qxg3 {[%clk 00:49:49]} {[%emt 00:00:45]} 23. Bf4 {[%clk 00:58:43]}
{[%emt 00:04:00]} Bxf4 {[%clk 00:48:49]} {[%emt 00:01:32]} 24. Qxf4 {[%emt
00:01:08]} Qg6 {[%clk 00:48:40]} 1-0

[Event "ODJM C 2024"]
[Site "Willingen GER"]
[Date "2024.05.19"]
[Round "1"]
[White "Hirtzel, Amelie Meiyan"]
[Black "Weidenhöfer, Ben"]
[Result "0-1"]
[Termination "normal"]
[Board "34"]
[WhiteElo "811"]
[BlackElo "1554"]
[WhiteClock "01:28:27"]
[BlackClock "01:09:10"]
[PlyCount "110"]
[WhiteFideId "533001898"]
[BlackFideId "16273702"]
[EventCountry "GER"]
[EventRounds "9"]
[EventType "swiss"]
[EventDate "2024.05.18"]

1. d4 {[%clk 01:30:57]} {[%emt 00:00:03]} d5 {[%clk 01:30:54]} {[%emt
00:00:07]} 2. Nf3 {[%clk 01:31:23]} {[%emt 00:00:03]} Bg4 {[%clk 01:30:57]}
{[%emt 00:00:28]} 3. e3 {[%clk 01:31:30]} {[%emt 00:00:23]} e6 {[%clk
01:31:13]} {[%emt 00:00:15]} 4. Be2 {[%clk 01:31:36]} {[%emt 00:00:24]} Bd6
{[%clk 01:31:13]} {[%emt 00:00:29]} 5. h3 {[%clk 01:31:56]} {[%emt 00:00:10]}
Bh5 {[%clk 01:31:25]} {[%emt 00:00:18]} 6. O-O {[%clk 01:31:59]} {[%emt
00:00:26]} f5 {[%clk 01:31:14]} {[%emt 00:00:41]} 7. c4 {[%clk 01:32:17]}
{[%emt 00:00:13]} c6 {[%clk 01:31:40]} {[%emt 00:00:04]} 8. c5 {[%clk
01:32:33]} {[%emt 00:00:14]} Be7 {[%clk 01:31:38]} {[%emt 00:00:32]} 9. Nc3
{[%clk 01:32:46]} {[%emt 00:00:17]} Nf6 {[%clk 01:32:00]} {[%emt 00:00:08]} 10.
Bd2 {[%clk 01:33:01]} {[%emt 00:00:16]} O-O {[%clk 01:32:13]} {[%emt 00:00:18]}
11. Ne5 {[%clk 01:33:00]} {[%emt 00:00:30]} Bxe2 {[%clk 01:31:44]} {[%emt
00:00:58]} 12. Qxe2 {[%clk 01:33:20]} {[%emt 00:00:11]} Ne4 {[%clk 01:31:22]}
{[%emt 00:00:52]} 13. Nxe4 {[%clk 01:33:27]} {[%emt 00:00:22]} fxe4 {[%clk
01:31:33]} {[%emt 00:00:20]} 14. b4 {[%clk 01:33:37]} {[%emt 00:00:20]} a6
{[%clk 01:31:22]} {[%emt 00:00:42]} 15. a4 {[%clk 01:32:57]} {[%emt 00:01:09]}
b5 {[%clk 01:30:02]} {[%emt 00:01:50]} 16. axb5 {[%clk 01:33:08]} {[%emt
00:00:19]} cxb5 {[%clk 01:30:12]} {[%emt 00:00:20]} 17. Rac1 {[%clk 01:32:58]}
{[%emt 00:00:40]} Nd7 {[%clk 01:29:10]} {[%emt 00:01:32]} 18. Nxd7 {[%clk
01:32:46]} {[%emt 00:00:41]} Qxd7 {[%clk 01:29:31]} {[%emt 00:00:10]} 19. c6
{[%clk 01:32:42]} {[%emt 00:00:32]} Qd6 {[%clk 01:29:08]} {[%emt 00:00:55]} 20.
c7 {[%clk 01:32:30]} {[%emt 00:00:42]} Rac8 {[%clk 01:29:15]} {[%emt 00:00:22]}
21. Rc5 {[%clk 01:31:58]} {[%emt 00:01:03]} Rxc7 {[%clk 01:28:59]} {[%emt
00:00:47]} 22. Rxc7 {[%clk 01:32:13]} {[%emt 00:00:14]} Qxc7 {[%clk 01:29:24]}
{[%emt 00:00:06]} 23. Rc1 {[%clk 01:32:24]} {[%emt 00:00:18]} Qd7 {[%clk
01:28:42]} {[%emt 00:01:12]} 24. Qd1 {[%clk 01:30:30]} {[%emt 00:02:24]} Rf5
{[%clk 01:24:36]} {[%emt 00:04:36]} 25. g4 {[%clk 01:27:50]} {[%emt 00:03:10]}
Rf3 {[%clk 01:24:19]} {[%emt 00:00:48]} 26. Qf1 {[%clk 01:27:50]} {[%emt
00:00:29]} Bh4 {[%clk 01:22:27]} {[%emt 00:02:22]} 27. Be1 {[%clk 01:27:49]}
{[%emt 00:00:31]} Qd6 {[%clk 01:18:43]} {[%emt 00:04:14]} 28. Rc8+ {[%clk
01:27:17]} {[%emt 00:01:02]} Kf7 {[%clk 01:18:40]} {[%emt 00:00:33]} 29. Qg2
{[%clk 01:26:50]} {[%emt 00:00:58]} Kg6 {[%clk 01:13:17]} {[%emt 00:05:53]} 30.
Rc5 {[%clk 01:25:35]} {[%emt 00:01:45]} Rf7 {[%clk 01:10:53]} {[%emt 00:02:53]}
31. Qf1 {[%clk 01:24:46]} {[%emt 00:01:19]} Rc7 {[%clk 01:09:51]} {[%emt
00:01:34]} 32. Rxc7 {[%clk 01:24:59]} {[%emt 00:00:16]} Qxc7 {[%clk 01:10:16]}
{[%emt 00:00:05]} 33. f4 {[%clk 01:25:14]} {[%emt 00:00:14]} Bxe1 {[%clk
01:08:47]} {[%emt 00:01:59]} 34. Qxe1 {[%clk 01:25:34]} {[%emt 00:00:10]} Kf6
{[%clk 01:08:07]} {[%emt 00:01:10]} 35. Qh4+ {[%clk 01:25:30]} {[%emt
00:00:34]} Kf7 {[%clk 01:07:37]} {[%emt 00:01:00]} 36. Qxh7 {[%clk 01:25:36]}
{[%emt 00:00:24]} Qc1+ {[%clk 01:08:03]} {[%emt 00:00:05]} 37. Kf2 {[%clk
01:25:50]} {[%emt 00:00:15]} Qd2+ {[%clk 01:08:19]} {[%emt 00:00:14]} 38. Kf1
{[%emt 00:00:20]} Qxe3 {[%clk 01:08:11]} {[%emt 00:00:30]} 39. f5 {[%clk
01:25:54]} {[%emt 00:00:43]} Qf4+ {[%clk 01:07:48]} {[%emt 00:00:54]} 40. Ke2
{[%clk 01:26:11]} {[%emt 00:00:13]} exf5 {[%clk 01:07:34]} {[%emt 00:00:43]}
41. Kd1 {[%clk 01:25:50]} {[%emt 00:00:50]} fxg4 {[%clk 01:07:25]} {[%emt
00:00:41]} 42. Qh5+ {[%clk 01:25:36]} {[%emt 00:00:43]} Kf6 {[%clk 01:06:52]}
{[%emt 00:01:03]} 43. hxg4 {[%clk 01:25:50]} {[%emt 00:00:15]} Qg5 {[%clk
01:06:40]} {[%emt 00:00:42]} 44. Qxg5+ {[%clk 01:25:40]} {[%emt 00:00:40]} Kxg5
{[%clk 01:07:03]} {[%emt 00:00:08]} 45. Kd2 {[%clk 01:25:55]} {[%emt 00:00:14]}
Kxg4 {[%clk 01:07:27]} {[%emt 00:00:07]} 46. Ke3 {[%clk 01:26:15]} {[%emt
00:00:10]} g5 {[%clk 01:07:28]} {[%emt 00:00:28]} 47. Kf2 {[%clk 01:26:32]}
{[%emt 00:00:13]} Kf4 {[%clk 01:07:49]} {[%emt 00:00:09]} 48. Kg2 {[%clk
01:26:48]} {[%emt 00:00:14]} e3 {[%clk 01:07:58]} {[%emt 00:00:21]} 49. Kf1
{[%clk 01:27:06]} {[%emt 00:00:13]} Kf3 {[%clk 01:08:10]} {[%emt 00:00:18]} 50.
Ke1 {[%clk 01:27:15]} {[%emt 00:00:21]} e2 {[%clk 01:08:25]} {[%emt 00:00:15]}
51. Kd2 {[%clk 01:27:32]} {[%emt 00:00:12]} Kf2 {[%clk 01:08:49]} {[%emt
00:00:06]} 52. Kd3 {[%clk 01:27:49]} {[%emt 00:00:14]} e1=Q {[%clk 01:09:00]}
{[%emt 00:00:19]} 53. Kc2 {[%clk 01:28:10]} {[%emt 00:00:10]} Qxb4 {[%clk
01:09:07]} {[%emt 00:00:23]} 54. Kd3 {[%clk 01:28:12]} {[%emt 00:00:28]} Ke1
{[%clk 01:09:08]} {[%emt 00:00:29]} 55. Ke3 {[%clk 01:28:27]} {[%emt 00:00:14]}
Qc3# {[%clk 01:09:10]} {[%emt 00:00:28]} 0-1

[Event "ODJM C 2024"]
[Site "Willingen GER"]
[Date "2024.05.19"]
[Round "1"]
[White "Luible, Sebastian"]
[Black "Neumann, Viktoria"]
[Result "1-0"]
[Termination "normal"]
[Board "35"]
[WhiteElo "1181"]
[BlackElo "769"]
[WhiteClock "00:49:58"]
[BlackClock "00:55:17"]
[PlyCount "85"]
[WhiteFideId "533001944"]
[BlackFideId "34697292"]
[EventCountry "GER"]
[EventRounds "9"]
[EventType "swiss"]
[EventDate "2024.05.18"]

1. e4 {[%clk 01:30:59]} {[%emt 00:00:01]} d6 {[%clk 01:30:44]} {[%emt
00:00:15]} 2. d4 {[%clk 01:30:26]} {[%emt 00:01:04]} Nf6 {[%clk 01:30:53]}
{[%emt 00:00:20]} 3. Nc3 {[%clk 01:30:37]} {[%emt 00:00:20]} g6 {[%clk
01:30:57]} {[%emt 00:00:25]} 4. Nf3 {[%clk 01:30:38]} {[%emt 00:00:30]} Bg7
{[%clk 01:30:39]} {[%emt 00:00:48]} 5. Bg5 {[%clk 01:30:38]} {[%emt 00:00:30]}
O-O {[%clk 01:30:23]} {[%emt 00:00:45]} 6. Bc4 {[%clk 01:30:32]} {[%emt
00:00:37]} h6 {[%clk 01:28:45]} {[%emt 00:02:08]} 7. Be3 {[%clk 01:30:17]}
{[%emt 00:00:46]} Be6 {[%clk 01:27:37]} {[%emt 00:01:37]} 8. Bd3 {[%clk
01:29:13]} {[%emt 00:01:34]} Re8 {[%clk 01:25:55]} {[%emt 00:02:12]} 9. O-O
{[%clk 01:29:18]} {[%emt 00:00:26]} Bd7 {[%clk 01:23:04]} {[%emt 00:03:20]} 10.
Qd2 {[%emt 00:01:03]} h5 {[%clk 01:22:39]} {[%emt 00:00:32]} 11. e5 {[%clk
01:26:39]} {[%emt 00:03:01]} Ng4 {[%clk 01:21:30]} {[%emt 00:01:38]} 12. Bf4
{[%clk 01:26:23]} {[%emt 00:00:46]} c5 {[%clk 01:18:54]} {[%emt 00:03:06]} 13.
exd6 {[%clk 01:23:51]} {[%emt 00:03:02]} exd6 {[%clk 01:18:43]} {[%emt
00:00:41]} 14. Bxd6 {[%clk 01:20:44]} {[%emt 00:03:36]} cxd4 {[%clk 01:18:08]}
{[%emt 00:01:06]} 15. Ne2 {[%clk 01:20:39]} {[%emt 00:00:36]} Nc6 {[%clk
01:17:17]} {[%emt 00:01:20]} 16. h3 {[%clk 01:20:27]} {[%emt 00:00:42]} Nh6
{[%clk 01:15:49]} {[%emt 00:01:57]} 17. Bc4 {[%clk 01:19:52]} {[%emt 00:01:04]}
Qf6 {[%emt 00:02:28]} 18. Bc5 {[%clk 01:17:43]} {[%emt 00:01:16]} Nf5 {[%clk
01:14:45]} {[%emt 00:01:00]} 19. Rad1 {[%clk 01:16:07]} {[%emt 00:02:06]} Bh6
{[%clk 01:11:43]} {[%emt 00:03:32]} 20. Qd3 {[%clk 01:15:29]} {[%emt 00:01:09]}
b6 {[%clk 01:10:40]} {[%emt 00:01:33]} 21. Bxd4 {[%clk 01:14:54]} {[%emt
00:01:06]} Ncxd4 {[%clk 01:10:13]} {[%emt 00:00:56]} 22. Nexd4 {[%clk
01:14:51]} {[%emt 00:00:32]} Nxd4 {[%clk 01:10:15]} {[%emt 00:00:29]} 23. Qxd4
{[%clk 01:14:09]} {[%emt 00:01:12]} Qxd4 {[%clk 01:10:15]} {[%emt 00:00:31]}
24. Rxd4 {[%clk 01:14:08]} {[%emt 00:00:31]} Bf5 {[%clk 01:09:28]} {[%emt
00:01:16]} 25. Bb3 {[%clk 01:14:12]} {[%emt 00:00:27]} Bg7 {[%clk 01:09:06]}
{[%emt 00:00:52]} 26. Rb4 {[%clk 01:11:18]} {[%emt 00:03:11]} Rab8 {[%clk
01:07:24]} {[%emt 00:02:25]} 27. Ba4 {[%clk 01:10:23]} {[%emt 00:01:26]} Rf8
{[%clk 01:06:50]} {[%emt 00:01:02]} 28. Bb3 {[%clk 01:04:00]} {[%emt 00:06:54]}
a5 {[%clk 01:06:42]} {[%emt 00:00:38]} 29. Rb5 {[%clk 01:03:29]} {[%emt
00:01:00]} Bd7 {[%clk 01:06:15]} {[%emt 00:00:58]} 30. Rg5 {[%clk 01:02:19]}
{[%emt 00:01:32]} Bxb2 {[%clk 01:05:11]} {[%emt 00:01:43]} 31. Rxg6+ {[%clk
01:00:53]} {[%emt 00:01:56]} Kh7 {[%clk 01:03:12]} {[%emt 00:02:14]} 32. Rd6
{[%clk 01:00:04]} {[%emt 00:01:33]} Bf5 {[%clk 01:02:09]} {[%emt 00:01:34]} 33.
Rf6 {[%clk 00:59:08]} {[%emt 00:01:22]} Bg6 {[%clk 01:01:34]} {[%emt 00:01:09]}
34. Rd6 {[%clk 00:57:59]} {[%emt 00:01:31]} Ba3 {[%clk 01:01:05]} {[%emt
00:01:07]} 35. Rc6 {[%clk 00:56:59]} {[%emt 00:01:30]} Be4 {[%clk 01:00:13]}
{[%emt 00:01:22]} 36. Ng5+ {[%clk 00:54:54]} {[%emt 00:02:35]} Kg7 {[%clk
00:59:33]} {[%emt 00:01:09]} 37. Nxe4 {[%clk 00:54:31]} {[%emt 00:00:53]} Rfe8
{[%clk 00:59:09]} {[%emt 00:00:54]} 38. Nd6 {[%clk 00:53:40]} {[%emt 00:01:20]}
Bxd6 {[%clk 00:58:49]} {[%emt 00:00:51]} 39. Rxd6 {[%clk 00:52:08]} {[%emt
00:02:03]} Rec8 {[%clk 00:55:47]} {[%emt 00:03:32]} 40. Rd7 {[%clk 00:51:39]}
{[%emt 00:00:59]} Rf8 {[%clk 00:55:49]} {[%emt 00:00:27]} 41. c4 {[%clk
00:51:17]} {[%emt 00:00:50]} b5 {[%emt 00:01:15]} 42. cxb5 {[%clk 00:50:31]}
{[%emt 00:01:03]} Rxb5 {[%clk 00:55:17]} {[%emt 00:00:30]} 43. Re1 {[%clk
00:49:58]} {[%emt 00:00:54]} 1-0

[Event "ODJM C 2024"]
[Site "Willingen GER"]
[Date "2024.05.19"]
[Round "1"]
[White "Martens, Nele"]
[Black "Prigandt, Junis"]
[Result "0-1"]
[Termination "normal"]
[Board "36"]
[WhiteElo "762"]
[BlackElo "1181"]
[WhiteClock "01:27:46"]
[BlackClock "01:26:31"]
[PlyCount "82"]
[WhiteFideId "533001952"]
[BlackFideId "34631712"]
[EventCountry "GER"]
[EventRounds "9"]
[EventType "swiss"]
[EventDate "2024.05.18"]

1. e4 {[%clk 01:30:58]} b6 {[%clk 01:30:37]} {[%emt 00:00:24]} 2. Nc3 {[%clk
01:31:16]} {[%emt 00:00:12]} Bb7 {[%clk 01:30:58]} {[%emt 00:00:09]} 3. d3
{[%clk 01:31:18]} {[%emt 00:00:27]} g6 {[%clk 01:30:30]} {[%emt 00:00:58]} 4.
Nf3 {[%clk 01:31:25]} {[%emt 00:00:23]} Bg7 {[%clk 01:30:53]} {[%emt 00:00:08]}
5. Bd2 {[%clk 01:31:37]} {[%emt 00:00:18]} d6 {[%clk 01:31:12]} {[%emt
00:00:11]} 6. Be2 {[%clk 01:31:43]} {[%emt 00:00:23]} Nf6 {[%clk 01:31:29]}
{[%emt 00:00:14]} 7. O-O {[%clk 01:31:51]} {[%emt 00:00:21]} Nbd7 {[%clk
01:31:21]} {[%emt 00:00:39]} 8. Ng5 {[%clk 01:31:33]} {[%emt 00:00:47]} O-O
{[%clk 01:31:27]} {[%emt 00:00:25]} 9. Bf3 {[%clk 01:30:45]} {[%emt 00:01:19]}
Ne5 {[%clk 01:30:28]} {[%emt 00:01:28]} 10. Nd5 {[%clk 01:30:38]} {[%emt
00:00:36]} Nxd5 {[%clk 01:30:22]} {[%emt 00:00:37]} 11. exd5 {[%clk 01:30:54]}
{[%emt 00:00:13]} Nxf3+ {[%clk 01:29:37]} {[%emt 00:01:15]} 12. Nxf3 {[%clk
01:31:07]} {[%emt 00:00:17]} Bxd5 {[%clk 01:29:55]} {[%emt 00:00:13]} 13. Qe2
{[%clk 01:30:54]} {[%emt 00:00:43]} Bxb2 {[%clk 01:29:13]} {[%emt 00:01:12]}
14. Rab1 {[%clk 01:31:08]} {[%emt 00:00:16]} Bg7 {[%clk 01:29:32]} {[%emt
00:00:11]} 15. Ng5 {[%clk 01:30:53]} {[%emt 00:00:44]} h6 {[%clk 01:27:52]}
{[%emt 00:02:10]} 16. Ne4 {[%clk 01:30:58]} {[%emt 00:00:25]} Bxa2 {[%clk
01:27:39]} {[%emt 00:00:44]} 17. Ra1 {[%clk 01:31:16]} {[%emt 00:00:12]} Be6
{[%clk 01:27:10]} {[%emt 00:00:59]} 18. Rad1 {[%clk 01:31:28]} {[%emt
00:00:17]} a5 {[%clk 01:26:55]} {[%emt 00:00:46]} 19. h3 {[%clk 01:31:38]}
{[%emt 00:00:20]} a4 {[%clk 01:27:07]} {[%emt 00:00:18]} 20. Nc3 {[%clk
01:31:33]} {[%emt 00:00:34]} Qb8 {[%clk 01:26:53]} {[%emt 00:00:45]} 21. Ra1
{[%clk 01:31:14]} {[%emt 00:00:48]} b5 {[%clk 01:26:22]} {[%emt 00:01:02]} 22.
Rfb1 {[%clk 01:31:24]} {[%emt 00:00:19]} b4 {[%clk 01:26:45]} {[%emt 00:00:08]}
23. Nxa4 {[%clk 01:31:46]} {[%emt 00:00:07]} Bxa1 {[%clk 01:27:04]} {[%emt
00:00:12]} 24. Rxa1 {[%clk 01:32:02]} {[%emt 00:00:13]} Qb5 {[%clk 01:27:12]}
{[%emt 00:00:22]} 25. Rb1 {[%clk 01:31:07]} {[%emt 00:01:26]} Rxa4 {[%clk
01:27:27]} {[%emt 00:00:15]} 26. f3 {[%clk 01:30:22]} {[%emt 00:01:14]} Rfa8
{[%clk 01:27:10]} {[%emt 00:00:46]} 27. Qe1 {[%clk 01:29:43]} {[%emt 00:01:09]}
b3 {[%clk 01:26:30]} {[%emt 00:01:12]} 28. cxb3 {[%clk 01:29:49]} {[%emt
00:00:24]} Ra2 {[%clk 01:26:22]} {[%emt 00:00:38]} 29. Bxh6 {[%clk 01:29:28]}
{[%emt 00:00:50]} Qxd3 {[%clk 01:26:12]} {[%emt 00:00:40]} 30. Rd1 {[%clk
01:28:36]} {[%emt 00:01:21]} Qc2 {[%clk 01:26:14]} {[%emt 00:00:28]} 31. Qf1
{[%clk 01:28:38]} {[%emt 00:00:28]} Bxh3 {[%clk 01:26:23]} {[%emt 00:00:22]}
32. Kh2 {[%clk 01:28:25]} {[%emt 00:00:42]} Bxg2 {[%clk 01:25:53]} {[%emt
00:01:01]} 33. Qg1 {[%clk 01:28:17]} {[%emt 00:00:37]} Qxd1 {[%clk 01:25:51]}
{[%emt 00:00:34]} 34. Qxd1 {[%clk 01:28:22]} {[%emt 00:00:24]} Bxf3+ {[%clk
01:26:11]} {[%emt 00:00:10]} 35. Kg3 {[%clk 01:28:29]} {[%emt 00:00:23]} Bxd1
{[%clk 01:26:36]} {[%emt 00:00:05]} 36. Kf4 {[%clk 01:28:15]} {[%emt 00:00:44]}
Rf2+ {[%clk 01:26:26]} {[%emt 00:00:41]} 37. Ke3 {[%clk 01:28:24]} {[%emt
00:00:19]} Re2+ {[%clk 01:26:33]} {[%emt 00:00:24]} 38. Kd3 {[%clk 01:28:29]}
{[%emt 00:00:25]} Ra3 {[%clk 01:27:00]} {[%emt 00:00:04]} 39. Kd4 {[%clk
01:28:27]} {[%emt 00:00:31]} Rxb3 {[%clk 01:27:13]} {[%emt 00:00:17]} 40. Bc1
{[%clk 01:27:59]} {[%emt 00:00:58]} e6 {[%clk 01:27:03]} {[%emt 00:00:41]} 41.
Kc4 {[%clk 01:27:46]} {[%emt 00:00:43]} Re4# {[%clk 01:26:31]} {[%emt
00:00:31]} 0-1